| 000 | 00625nam a2200205 u 4500 | ||
|---|---|---|---|
| 005 | 20240924071240.0 | ||
| 008 | 081020s2005 r 000 0 eng d | ||
| 020 | _a1405462388 | ||
| 035 | _aUPN01000163788 | ||
| 049 | _aI | ||
| 050 | 4 |
_aPZ71 _bS6.62 |
|
| 100 | 1 | _aSmith, Kathryn | |
| 245 | 0 | 0 |
_aDavid y Goliat / _cAdaptación Kathryn Smith ; il. Stuart Trotter ; tr. Xavier Sales Roséllo. |
| 260 |
_aBarcelona, Esp. : _bParragon, _c2005. |
||
| 300 |
_a30 p. : _bil. col. |
||
| 440 | 0 | _aRelatos de la Biblia | |
| 650 | 4 |
_aLibros y lectura para niños _92290 |
|
| 650 | 4 |
_aLiteratura infantil _94445 |
|
| 905 | _aInfantil | ||
| 999 |
_c135901 _d135901 |
||